| 000 | 00785nam a2200241 i 4500 | ||
|---|---|---|---|
| 003 | DO-SdBNP | ||
| 005 | 20231003140245.0 | ||
| 006 | a||||gr|||| 00| 0 | ||
| 007 | ta | ||
| 008 | 231003e2007 dr ||||| |||| 00| 0 spa d | ||
| 040 |
_aDO-SdBNP _bspa _cBNPHU _erda |
||
| 082 | 4 |
_222 _bN964m |
|
| 245 | 0 | 0 | _aNuestro modo de ser y de proceder. / |
| 264 |
_aSanto Domingo : _bComunidad Carismática de la Visitación y de la Eucaristía _c2007 |
||
| 300 |
_a192 páginas ; _c18 cm. |
||
| 336 |
_2rdacontent _atexto _btxt |
||
| 337 |
_2rdamedia _asin mediación _bn |
||
| 338 |
_2rdacarrier _avolumen _bnc |
||
| 500 | _aIncluye siglas. | ||
| 590 | _aInventariado 2023 / MF | ||
| 710 | 2 |
_aIglesia Católica. Comunidad Carismática del Visitación y de la Eucaristía. _94241 |
|
| 942 |
_2ddc _cLBS1 |
||
| 999 |
_c55056 _d55056 |
||